[Event "Oruro op 4th"]
[Site "Oruro"]
[Date "2023.02.12"]
[Round "7"]
[White "Menacho Aillon, Antonio"]
[Black "Colque, Aracely"]
[Result "0-1"]
[WhiteElo "1257"]
[BlackElo "1550"]
[PlyCount "62"]
[EventDate "2023.02.09"]
[EventType "swiss"]
[EventRounds "7"]
[EventCountry "BOL"]
[SourceTitle "CBM 213 Extra"]
[Source "ChessBase"]
[SourceDate "2023.05.31"]
[SourceVersion "1"]
[SourceVersionDate "2023.05.31"]
[SourceQuality "1"]

1. d4 Nf6 2. c4 d5 3. cxd5 Nxd5 4. e4 Nb6 5. Nc3 e6 6. Nf3 c5 7. Bf4 cxd4 8. Nxd4 Bb4 9. Rc1 N8d7 10. Bg3 0-0 11. Be2 Nf6 12. 0-0 Bxc3 13. Rxc3 Nxe4 14. Rd3 Qe7 15. Bf3 Nxg3 16. hxg3 Nc4 17. Rb3 Rd8 18. Qd3 Ne5 19. Qe4 Nxf3+ 20. gxf3 Rb8 21. Kg2 e5 22. Nb5 a6 23. Nc3 Be6 24. Rb6 f6 25. Re1 Rd4 26. Qe3 Qf7 27. b3 Rbd8 28. f4 Rd3 29. Qc5 Rc8 30. Qb4 Rdxc3 31. Rxb7 Bd5+ 0-1

[Event "Oruro op 4th"]
[Site "Oruro"]
[Date "2023.02.10"]
[Round "4"]
[White "Menacho Aillon, Antonio"]
[Black "Salvador Taquimallco, Michelle"]
[Result "1-0"]
[WhiteElo "1257"]
[BlackElo "1020"]
[PlyCount "83"]
[EventDate "2023.02.09"]
[EventType "swiss"]
[EventRounds "7"]
[EventCountry "BOL"]
[SourceTitle "CBM 213 Extra"]
[Source "ChessBase"]
[SourceDate "2023.05.31"]
[SourceVersion "1"]
[SourceVersionDate "2023.05.31"]
[SourceQuality "1"]

1. d4 e6 2. c4 Nf6 3. Nc3 Bb4 4. a3 Bxc3+ 5. bxc3 b6 6. f3 Ba6 7. e4 Bb7 8. Be3 d5 9. cxd5 exd5 10. Bb5+ Nbd7 11. e5 Ng8 12. Ne2 Ne7 13. 0-0 0-0 14. Qc2 g6 15. Bh6 Re8 16. g4 c6 17. Bd3 Nf8 18. h4 Qc8 19. h5 Ba6 20. hxg6 Nexg6 21. Bf5 Qd8 22. Rf2 Bxe2 23. Qxe2 Nf4 24. Bxf4 Ng6 25. Bxg6 hxg6 26. Rh2 f5 27. Qg2 Re7 28. gxf5 Rg7 29. f6 Rf7 30. Qh3 Rd7 31. Qh6 Qe8 32. Qh8+ Kf7 33. Rh7+ Ke6 34. Qxe8+ Rxe8 35. Rxd7 Kxd7 36. Kf2 Rb8 37. Rg1 a5 38. Rxg6 b5 39. Rg7+ Ke6 40. Kg3 Rc8 41. Kg4 c5 42. Re7# 1-0